| 000 | 01437cad a22003135a 4500 | ||
|---|---|---|---|
| 001 | L159108 | ||
| 005 | 20260212111125.0 | ||
| 008 | 130206s2016 xxk f 000 0 eng d | ||
| 020 | _a9781783211210 | ||
| 035 | _a(Sirsi) u159108 | ||
| 041 | 0 | _aeng | |
| 050 | 0 | 4 | _a658.404 |
| 110 | 2 |
_aRoyal Institution of Chartered Surveyors _94900 |
|
| 245 |
_aProject monitoring for real estate lending, Canada _bJoint guidance note from the Canadian Institute of Quantity Surveyors and RICS _h[electronic resource] |
||
| 260 |
_aLondon _bRICS _c2016 |
||
| 300 | _a17p. | ||
| 490 | 0 | _aRICS Guidance Note | |
| 520 | _aProvides advice to construction professionals who are RICS members engaged in the practice of project monitoring. The aim of the guidance is to ensure the development of a genuine benchmark for the Canadian industry. | ||
| 590 | _aKA | ||
| 650 | 2 | 4 | _aPROJECT MONITORING |
| 650 | 2 | 4 | _aLENDING |
| 650 | 2 | 4 | _aTERMS OF ENGAGEMENT |
| 651 | 4 | _aCanada | |
| 690 |
_aProject management _96261 |
||
| 710 |
_aCanadian Institute of Quantity Surveyors _91896 |
||
| 856 | 4 | 0 |
_uhttps://www.isurv.com/downloads/download/2033/project_monitoring_for_real_estate_lending_canada _zAvailable on iSurv (subscription required) |
| 856 | 4 | 0 |
_uhttps://www.rics.org/profession-standards/rics-standards-and-guidance/sector-standards/construction-standards/project-monitoring-real-estate-lending-canada _zAvailable on RICS.org |
| 942 |
_n0 _2ddc |
||
| 999 |
_c115679 _d115679 |
||